Statistics for Capitals Furthest From Canberra

Click here to take the quiz!

General Stats

  • This quiz has been taken 27 times
  • The average score is 9 of 13

Answer Stats

Km Answer % Correct
16979London
100%
16918Paris
93%
18059Lisbon
78%
17576Madrid
78%
17233Dublin
78%
17823Rabat
74%
16980Algiers
67%
17361Dakar
63%
17120Andorra La Vella
56%
17604Nouakchott
52%
17196Banjul
48%
16992Bissau
44%
17632Praia
41%

Score Distribution

Percentile by Number Answered

Percent of People with Each Score

Your Score History

You have not taken this quiz